A filozófia műveltség Európában. 1. Az antik filozófia
Elmentve itt :
| Szerző: | |
|---|---|
| Adatforrás: | Philobibl |
| Dokumentumtípus: | Könyv |
| Nyelv: | magyar |
| Kulcsszavak: | filozófia, antik |
| Megjelent: |
Bp.
Danubia
1934
|
| LEADER | 00361nam a2200121 c 4500 | ||
|---|---|---|---|
| 001 | bibDOK00006210 | ||
| 005 | 20200924120221.5 | ||
| 008 | 060518s1934 hu hun | ||
| 100 | 2 | |a Halasy-Nagy József | |
| 245 | 1 | 2 | |a A filozófia műveltség Európában. 1. Az antik filozófia |c Halasy-Nagy József |
| 260 | |a Bp. |b Danubia |c 1934 | ||
| 300 | |a 447 p. | ||
| 695 | |a filozófia, antik | ||